000 00501nam a2200169 a 4500
005 20240911064419.0
008 991125s1990 mx 000 0 spa u
035 _aUPN01000031957
049 _aCG
050 4 _aJA71
_bI5.7
245 0 0 _aInterpretaciones sobre el sistema político mexicano
260 _aMéxico :
_bPRI, Comité Ejecutivo Nacional,
_c1990.
300 _a159 p.
440 0 _aPerspectivas de la modernización política ; 5
650 4 _aCiencias políticas
_96023
905 _aLibro
999 _c31957
_d31957